000 00907nam a22002297a 4500
003 UA-OsUOA
001 39709
007 ta
008 20080516b un ||||| |||| 00| 0 ukr d
090 _a082
_bС71
942 _cBK
040 _aUA-OsUOA
_bukr
_cUA-OsUOA
_dUA-OsUOA
245 _aСпеціальні історичні дисципліни: питання теорії та методики
_bЧисло 14
300 _a454 с.
955 _a1
041 _aukr
080 _a082
260 _aК.
_bІнститут історії України
_c2007
246 3 1 _aЗбірка наукових праць
_nНа пошану історика, джерелознавця, історіографа, проф. КНУ ім. Т. Шевченка Я. Калакури з нагоди 70-річного ювілею
650 7 _a08 Видання. Колективні праці
_2UDC
999 _c438218
_d438218